Geotechnické problémy odkalísk priemyselných odpadov
Salvato in:
| Autore principale: | |
|---|---|
| Altri autori: | |
| Natura: | Manoscritto Libro |
| Lingua: | slovacco |
| Pubblicazione: |
2017
|
| Soggetti: | |
| Accesso online: | http://is.stuba.sk/zp/portal_zp.pl?podrobnosti=111559 |
| Tags: |
Nessun Tag, puoi essere il primo ad aggiungerne!!
|
MARC
| LEADER | 00000ntm a22000003a 4500 | ||
|---|---|---|---|
| 001 | stuzp42651 | ||
| 003 | SK-STU | ||
| 005 | 20170909210311.7 | ||
| 007 | ta | ||
| 008 | 150427s2015----xo-----f-mn---000-0-slo-d | ||
| 040 | |a STU |b slo | ||
| 041 | 0 | |a slo | |
| 100 | 1 | |a Zlatinská, Lenka |u 010150 |4 aut |U SvF Stavebná fakulta |T SvF Katedra geotechniky |X 58455 |U V150 |Y 15 |7 A000058455 | |
| 242 | 0 | 1 | |a Geotechnical problems of tailings impoundments of industrial waste |y eng |
| 245 | 1 | 0 | |a Geotechnické problémy odkalísk priemyselných odpadov |
| 260 | |c 2017 | ||
| 650 | 4 | |a odkalisko |2 slo | |
| 650 | 4 | |a anizotropia |2 slo | |
| 650 | 4 | |a stabilita |2 slo | |
| 650 | 4 | |a stability |2 eng | |
| 650 | 4 | |a tailings impoundment |2 eng | |
| 650 | 4 | |a anisotropy |2 eng | |
| 700 | 1 | |a Slávik, Ivan |u 010150 |k Z1 |4 ths |U SvF Stavebná fakulta |T SvF Katedra geotechniky |X 696 |U V150 |Y 15 |7 A000000696 | |
| 856 | 4 | |u http://is.stuba.sk/zp/portal_zp.pl?podrobnosti=111559 | |
| 996 | |b 284V041419 |c V* 3382/DP-1312 |l VVS |s P |a 0 |w stuzp42651_0001 | ||